[Event "Budapest FS11 IM-A"]
[Site "Budapest"]
[Date "2007.11.10"]
[Round "8"]
[White "Hvenekilde, Jorgen"]
[Black "Cooke, Eric"]
[Result "0-1"]
[WhiteElo "2239"]
[BlackElo "2253"]
[PlyCount "62"]
[EventDate "2007.11.03"]
[EventType "tourn"]
[EventRounds "9"]
[EventCountry "HUN"]
[EventCategory "2"]
[SourceTitle "EXT 2008"]
[Source "ChessBase"]
[SourceDate "2007.11.25"]
[SourceVersion "1"]
[SourceVersionDate "2007.11.25"]
[SourceQuality "1"]

1. d4 d5 2. c4 e6 3. Nc3 Nf6 4. Bg5 Be7 5. e3 Nbd7 6. Nf3 h6 7. Bh4 0-0 8. Qc2 b6 9. Rd1 Bb7 10. a3 c5 11. dxc5 bxc5 12. Be2 Re8 13. 0-0 Qb6 14. Rfe1 Rad8 15. h3 a6 16. Bg3 Qa7 17. Bc7 Rc8 18. Bf4 Ba8 19. Rd2 d4 20. exd4 cxd4 21. Nd1 Rcd8 22. b4 Ne4 23. Rd3 Bf6 24. Nd2 e5 25. Bxh6 gxh6 26. Nxe4 Bxe4 27. Rg3+ Bg6 28. Bd3 Nf8 29. Re4 Bg7 30. Reg4 e4 31. Bxe4 Rxe4 0-1